Quizz Culture Générale N°4 - 30 questions - Statistiques

Statistiques générales
  • Ce quiz a été pris 220 fois
  • Le résultat moyen est 13 sur 30
Statistiques - réponses
Question Réponse % Correct
Qu'est-ce qu'on rajoute au-dessus d'un croque-monsieur pour faire un croque-madame ? Un œuf
85%
Complète cette phrase : "Père castor, ..." raconte nous une histoire
80%
Quelle autrice a donné naissance aux personnes d'Hercule Poirot et de Miss Marple ? Agatha Christie
78%
Quel est le nom de l'unité de mesure de la vitesse utilisée en navigation maritime ? Le nœud
77%
Dans son étymologie, à quel dieu romain renvoie le Mercredi ? Mercure
70%
Qui étaient les finalistes de la coupe du monde de football 2018 ? (Deux réponses à donner) France contre Croatie
69%
Quel philosophe grec est connu pour n'avoir laissé aucun écrit, sa pensée ayant été écrite par des disciples ? Socrate
66%
Quel est le plus grand oiseau actuel ? Autruche
61%
En France, quelle collectivité territoriale gère les collèges ? Le département
60%
Sous quelle appellation est plus connu le ver parasite que l'on appelle le Ténia ? Ver solitaire
57%
Quel personnage politique du XXème siècle était surnommée la "Dame de Fer" ? Margaret Thatcher
55%
Dans le sigle anglais UFO, que signifie le O ? Object
55%
Comment appellait-on ce type d'établissement pénitentiaire où étaient emprisonnés les condamnés aux travaux forcés après la suppression des galères ? Bagne
53%
Quelle chanson phare de groupe Eagles possède un nom d'état des Etats-Unis dans son titre ? Hotel California
51%
Aux fléchettes, quel est le maximum de points que l'on peut perdre en un tour en lançant ses trois fléchettes ? 180
49%
Quel mot utilise-t-on pour désigner l'avant-avant-dernier ? Antépénultième
45%
De quoi est faite l'armée chinoise de Qin Shi Huang retrouvée dans son mausolée en 1974 ? Terre cuite
45%
Selon les légendes, quel animal mythique ne s'approcherait que des femmes vierges ? La licorne
36%
Dans Star Wars, quand Leia lui dit qu'elle l'aime, que répond Han Solo ? Je sais / I know
35%
De quel pays Darius III, grand adversaire d'Alexandre le Grand, était-il le roi ? Perse
35%
Quel est le nom de naissance de Superman ? Kal-El
22%
Quel est le nom de l'ensemble des opérations américaines visant à la libération du Koweït de l'occupation irakienne lors de la Guerre du Golfe ? Tempête du désert / Desert Storm
18%
Pour quel réalisateur français l'acteur Jean-Pierre Léaud incarne-t-il à cinq reprises le personnage d'Antoine Doinel ? François Truffaut
16%
Quel est le treizième signe du zodiaque ? Serpentaire
16%
Quel humoriste espagnol est connu sur Internet pour son rire très communicatif ? El Risitas
11%
Quel métier Simone Hérault est-elle la seule en France à effectuer ? Voix de la SNCF
11%
De quel héros des mythes nordiques le poème de la "Chanson des Nibelungen" raconte-t-elle l'histoire ? Siegfried
6%
Quel est le nom de ce roman de Didier Daeninckx dénonçant les mauvais traitements réservés aux autochtones lors de l'Exposition Coloniale de 1931 à Paris ? Cannibale
4%
Dans la série Dexter, dans l'analyse de quoi Dexter est-il spécialiste pour la police ? Les traces de sang
4%
Au Japon, quelle fête est appelée l'O Bon ? La fête des morts
3%
Aucun quiz correspondant
Distribution des résultats
% des personnes avec chaque résultat
Percentile par nombre de réponses
Votre historique - résultats
Vous n’avez pas pris ce quiz